[Event "Moscow op-B (Women) 13th"]
[Site "Moscow"]
[Date "2017.02.05"]
[Round "9"]
[White "Pikalova, Sofya"]
[Black "Savelyeva, Anastasia"]
[Result "1-0"]
[WhiteElo "1804"]
[BlackElo "1559"]
[PlyCount "71"]
[EventDate "2017.01.28"]
[EventType "swiss"]
[EventRounds "9"]
[EventCountry "RUS"]
[SourceTitle "EXT 2018"]
[Source "ChessBase"]
[SourceDate "2017.10.13"]
[SourceVersion "1"]
[SourceVersionDate "2017.10.13"]
[SourceQuality "1"]

1. e4 e6 2. d4 d5 3. Nd2 Nf6 4. e5 Nfd7 5. Bd3 c5 6. c3 Nc6 7. Ne2 Qb6 8. Nf3 cxd4 9. cxd4 Bb4+ 10. Bd2 f6 11. exf6 Nxf6 12. 0-0 0-0 13. a3 Bd6 14. Bc3 Bd7 15. Qc2 Qc7 16. h3 Rae8 17. Ng5 h6 18. Nh7 Nxh7 19. Bxh7+ Kh8 20. Bg6 Re7 21. Ng3 Nxd4 22. Bxd4 Qxc2 23. Bxc2 Bb5 24. Rfe1 Rc8 25. Bg6 Bxg3 26. fxg3 b6 27. Re5 Be8 28. Bf5 Bf7 29. Rae1 Rce8 30. Bc2 Rc8 31. Bb3 Kg8 32. Rxd5 Rce8 33. Rde5 Kf8 34. Bc3 h5 35. Bd4 g6 36. Ba2 1-0

[Event "Moscow op-B (Women) 13th"]
[Site "Moscow"]
[Date "2017.01.30"]
[Round "3"]
[White "Savelyeva, Anastasia"]
[Black "Golyshkina, Marina"]
[Result "1/2-1/2"]
[WhiteElo "1559"]
[BlackElo "1746"]
[PlyCount "130"]
[EventDate "2017.01.28"]
[EventType "swiss"]
[EventRounds "9"]
[EventCountry "RUS"]
[SourceTitle "EXT 2018"]
[Source "ChessBase"]
[SourceDate "2017.10.13"]
[SourceVersion "1"]
[SourceVersionDate "2017.10.13"]
[SourceQuality "1"]

1. e4 c5 2. Nc3 Nc6 3. g3 g6 4. Bg2 Bg7 5. Nge2 d6 6. d3 Nf6 7. Rb1 0-0 8. 0-0 Rb8 9. a3 Bd7 10. Be3 a6 11. Qd2 b5 12. b4 cxb4 13. axb4 Qc7 14. Nd5 Nxd5 15. exd5 Ne5 16. h3 Bc8 17. Rfc1 Bb7 18. f4 Nd7 19. c4 bxc4 20. dxc4 Nf6 21. Nd4 Qd7 22. Nc6 Rbc8 23. b5 axb5 24. cxb5 Ra8 25. Rc2 Ra3 26. Ra2 Rfa8 27. Rxa3 Rxa3 28. Kh2 Kf8 29. Bg1 Qf5 30. Rd1 Nh5 31. Bf2 Rb3 32. Qe2 Bf6 33. Na5 Rb2 34. Qf1 Ba8 35. b6 Qc2 36. Rc1 Qf5 37. Rc7 Bxd5 38. Bxd5 Qxd5 39. b7 Qxa5 40. Rc8+ Kg7 41. b8Q Rxb8 42. Rxb8 Qd2 43. Kg1 Qc3 44. Qe1 Qxe1+ 45. Bxe1 Bd4+ 46. Kg2 Nf6 47. Kf3 d5 48. Bb4 h5 49. Bxe7 Kh6 50. Rd8 Kg7 51. Bxf6+ Bxf6 52. Rxd5 Kh6 53. Rd7 Kg7 54. g4 hxg4+ 55. hxg4 Bb2 56. g5 Ba3 57. Kg4 Kf8 58. f5 gxf5+ 59. Kxf5 Be7 60. g6 fxg6+ 61. Kxg6 Ke8 62. Rb7 Kd8 63. Kf7 Bd6 64. Ke6 Kc8 65. Rh7 Bc7 1/2-1/2

[Event "Moscow op-B (Women) 13th"]
[Site "Moscow"]
[Date "2017.01.29"]
[Round "2"]
[White "Chemborisova, Elina"]
[Black "Savelyeva, Anastasia"]
[Result "1-0"]
[WhiteElo "1834"]
[BlackElo "1559"]
[PlyCount "57"]
[EventDate "2017.01.28"]
[EventType "swiss"]
[EventRounds "9"]
[EventCountry "RUS"]
[SourceTitle "EXT 2018"]
[Source "ChessBase"]
[SourceDate "2017.10.13"]
[SourceVersion "1"]
[SourceVersionDate "2017.10.13"]
[SourceQuality "1"]

1. e4 e6 2. d4 d5 3. Nd2 c5 4. exd5 exd5 5. Ngf3 Nc6 6. Bb5 a6 7. Bxc6+ bxc6 8. 0-0 Nf6 9. Re1+ Be6 10. Ng5 Qd7 11. Ndf3 Be7 12. Nxe6 fxe6 13. Ng5 0-0 14. Nxe6 Rfb8 15. dxc5 Rb5 16. a4 Rb7 17. Qd4 Rab8 18. c3 a5 19. Bf4 Rc8 20. b4 Bd8 21. f3 Ne8 22. Nxd8 Qxd8 23. Rab1 Nc7 24. Bd6 Ne8 25. Bg3 axb4 26. cxb4 Ra8 27. b5 cxb5 28. axb5 Nc7 29. b6 1-0

[Event "Moscow op-B (Women)"]
[Site "Moscow"]
[Date "2016.02.05"]
[Round "7"]
[White "Savelyeva, Anastasia"]
[Black "Akulova, Taisiya"]
[Result "0-1"]
[WhiteElo "1405"]
[BlackElo "1559"]
[PlyCount "70"]
[EventDate "2016.01.30"]
[EventType "swiss"]
[EventRounds "9"]
[EventCountry "RUS"]
[SourceTitle "CBM 170 Extra"]
[Source "ChessBase"]
[SourceDate "2016.02.25"]
[SourceVersion "1"]
[SourceVersionDate "2016.02.25"]
[SourceQuality "1"]

1. e4 e5 2. Nf3 Nc6 3. Bb5 a6 4. Ba4 Nf6 5. 0-0 b5 6. Bb3 Be7 7. Re1 0-0 8. d4 Bd6 9. dxe5 Nxe5 10. Nxe5 Bxe5 11. f4 Bd6 12. e5 Bc5+ 13. Be3 Bxe3+ 14. Rxe3 Ne8 15. Nc3 Bb7 16. Rh3 g6 17. Qg4 Ng7 18. Bd5 c6 19. Bb3 d5 20. Rf3 Bc8 21. Qg3 Nf5 22. Qe1 a5 23. a4 b4 24. Ne2 c5 25. Rd1 c4 26. Bxc4 Qb6+ 27. Kh1 dxc4 28. Ng3 Qc6 29. Ne4 Qxa4 30. Nf6+ Kg7 31. Rh3 h6 32. g4 Qc6+ 33. Kg1 Bb7 34. Rd2 Qh1+ 35. Kf2 Qg2# 0-1

[Event "Moscow op-B (Women)"]
[Site "Moscow"]
[Date "2016.02.03"]
[Round "5"]
[White "Bagaeva, Maria"]
[Black "Savelyeva, Anastasia"]
[Result "0-1"]
[WhiteElo "1475"]
[BlackElo "1405"]
[PlyCount "98"]
[EventDate "2016.01.30"]
[EventType "swiss"]
[EventRounds "9"]
[EventCountry "RUS"]
[SourceTitle "CBM 170 Extra"]
[Source "ChessBase"]
[SourceDate "2016.02.25"]
[SourceVersion "1"]
[SourceVersionDate "2016.02.25"]
[SourceQuality "1"]

1. e4 e6 2. d4 d5 3. exd5 exd5 4. Nf3 Nf6 5. Bd3 Be7 6. Nc3 0-0 7. h3 Nc6 8. 0-0 Re8 9. Re1 h6 10. Be3 Be6 11. Qd2 Qd7 12. Ne5 Qc8 13. f4 Bf5 14. Bb5 Bd7 15. Nxd7 Qxd7 16. a3 a6 17. Bd3 Nh7 18. f5 Bg5 19. Bxg5 Nxg5 20. Qf4 f6 21. h4 Nf7 22. Ne2 Nd6 23. Ng3 Rxe1+ 24. Rxe1 Re8 25. Rxe8+ Nxe8 26. Qe3 Qe7 27. Qxe7 Nxe7 28. c3 Nd6 29. Kf2 Nc6 30. Kf3 Na5 31. Ne2 Nac4 32. b4 Nxa3 33. Nf4 c6 34. Ne6 Nab5 35. Bxb5 Nxb5 36. Nd8 Nd6 37. g4 Kf8 38. Ne6+ Kf7 39. Nd8+ Ke7 40. Ne6 Ne8 41. Nc5 Nd6 42. Ne6 Ne4 43. Nxg7 Nxc3 44. Ne6 Ne4 45. Kf4 b6 46. Nc7 a5 47. bxa5 bxa5 48. Na6 a4 49. Nb4 Kd6 0-1

[Event "Moscow op-B (Women)"]
[Site "Moscow"]
[Date "2016.02.01"]
[Round "3"]
[White "Savelyeva, Anastasia"]
[Black "Tatarinova, Elena"]
[Result "0-1"]
[WhiteElo "1405"]
[BlackElo "1793"]
[PlyCount "72"]
[EventDate "2016.01.30"]
[EventType "swiss"]
[EventRounds "9"]
[EventCountry "RUS"]
[SourceTitle "CBM 170 Extra"]
[Source "ChessBase"]
[SourceDate "2016.02.25"]
[SourceVersion "1"]
[SourceVersionDate "2016.02.25"]
[SourceQuality "1"]

1. e4 c5 2. Nc3 Nc6 3. g3 g6 4. Bg2 Bg7 5. Nge2 Nf6 6. 0-0 0-0 7. Rb1 Rb8 8. d3 b5 9. Nd5 b4 10. Bf4 d6 11. Qd2 Re8 12. Bh6 Bh8 13. Nxf6+ Bxf6 14. f4 Bd7 15. f5 Qa5 16. fxg6 hxg6 17. Rxf6 exf6 18. Qf4 Qd8 19. Rf1 Qe7 20. Qh4 g5 21. Qh5 Ne5 22. Bh3 Bxh3 23. Qxh3 Qe6 24. Rf5 Ng6 25. Qh5 Ne7 26. Nf4 gxf4 27. Qg4+ Ng6 28. h4 fxg3 29. h5 Kh7 30. Bd2 Ne7 31. Rf4 Qxg4 32. Rxg4 Nc6 33. c3 bxc3 34. Bxc3 Nd4 35. Bxd4 cxd4 36. b3 Rbc8 0-1

[Event "Moscow op-B (Women)"]
[Site "Moscow"]
[Date "2016.01.30"]
[Round "1"]
[White "Savelyeva, Anastasia"]
[Black "Alieva, Alexandra"]
[Result "0-1"]
[WhiteElo "1405"]
[BlackElo "2069"]
[PlyCount "70"]
[EventDate "2016.01.30"]
[EventType "swiss"]
[EventRounds "9"]
[EventCountry "RUS"]
[SourceTitle "CBM 170 Extra"]
[Source "ChessBase"]
[SourceDate "2016.02.25"]
[SourceVersion "1"]
[SourceVersionDate "2016.02.25"]
[SourceQuality "1"]

1. e4 e5 2. Nf3 Nc6 3. Bb5 g6 4. d4 exd4 5. Nxd4 Bg7 6. Be3 Nf6 7. Nc3 0-0 8. 0-0 a6 9. Nxc6 bxc6 10. Bc4 Re8 11. Rb1 d6 12. Qd3 Ng4 13. Bd4 Qh4 14. h3 Ne5 15. Bxe5 Bxe5 16. Qf3 Be6 17. Bxe6 Rxe6 18. Ne2 Rb8 19. b3 Bg7 20. Ng3 Rbe8 21. Qd3 Qf4 22. Ne2 Qxe4 23. Qxe4 Rxe4 24. Ng3 R4e7 25. Rbd1 h5 26. f3 f5 27. Nh1 Re2 28. Rf2 Re1+ 29. Rxe1 Rxe1+ 30. Kh2 Bd4 31. Rd2 Bg1+ 32. Kg3 Be3 33. Rd3 f4+ 34. Kh4 Rxh1 35. Rc3 Bd4 0-1